Streamers / YouTubers francophones en Rébus - Statistiques

Statistiques générales
  • Ce quiz a été pris 906 fois
  • Le résultat moyen est 9 sur 11
Réponses sur la Carte
Les réponses sont colorées sur une échelle allant du rouge au vert en fonction du pourcentage des utilisateurs qui les ont devinées à leur premier essai. Vous pouvez retrouver ces pourcentages ci-dessous.
 
Statistiques - réponses
Rébus n° Streamer / Youtuber associé % Correct
1 AmineMaTue
95%
2 Antoine Daniel
89%
10 Mastu
88%
7 Kameto
86%
3 ZeratoR
86%
4 Squeezie
85%
8 Michou
84%
9 RebeuDeter
74%
11 Domingo
67%
6 Laink et Terracid
59%
5 Natoo
57%
Aucun quiz correspondant
Distribution des résultats
% des personnes avec chaque résultat
Percentile par nombre de réponses
Votre historique - résultats
Vous n’avez pas pris ce quiz